IMF Staff papers : Volume 3 No. 1.

This paper discusses the causes of the imbalance of international payments. Under the forces of supply and demand, gold came to have a certain value in relation to goods, which enabled it to function smoothly as a medium of reserve and settlement. This value varied somewhat from time to time under t...

Ausführliche Beschreibung

Bibliographische Detailangaben
Körperschaft: International Monetary Fund. Research Dept
Format: Zeitschrift
Sprache:English
Veröffentlicht: Washington, D.C. : International Monetary Fund, 1953.
Schriftenreihe:IMF Staff Papers; IMF Staff Papers ; No. 1953/001
Online Zugang:Full text available on IMF
LEADER 01980cas a2200241 a 4500
001 AALejournalIMF010604
008 230101c9999 xx r poo 0 0eng d
020 |c 15.00 USD 
020 |z 9781451949421 
022 |a 1020-7635 
040 |a BD-DhAAL  |c BD-DhAAL 
110 2 |a International Monetary Fund.  |b Research Dept. 
245 1 0 |a IMF Staff papers :   |b Volume 3 No. 1. 
264 1 |a Washington, D.C. :  |b International Monetary Fund,  |c 1953. 
300 |a 1 online resource (192 pages) 
490 1 |a IMF Staff Papers 
500 |a <strong>Off-Campus Access:</strong> No User ID or Password Required 
500 |a <strong>On-Campus Access:</strong> No User ID or Password Required 
506 |a Electronic access restricted to authorized BRAC University faculty, staff and students 
520 3 |a This paper discusses the causes of the imbalance of international payments. Under the forces of supply and demand, gold came to have a certain value in relation to goods, which enabled it to function smoothly as a medium of reserve and settlement. This value varied somewhat from time to time under the influence of new discoveries or the exhaustion of existing sources. Of all the particular imbalances in the international payments pattern, that between the dollar and other currencies is the greatest. Unfortunately, it is extremely difficult to measure the amount of imbalance existing. Europe has made considerable and, to some extent, successful efforts to expand direct sales to the United States. It is in the sphere of finished manufactures principally that one could hope for an expansion of exports by an organized export drive or currency devaluation, other categories of goods depending more on the level of US production and national income. 
538 |a Mode of access: Internet 
830 0 |a IMF Staff Papers; IMF Staff Papers ;  |v No. 1953/001 
856 4 0 |z Full text available on IMF  |u http://elibrary.imf.org/view/journals/024/1953/001/024.1953.issue-001-en.xml  |z IMF e-Library